La manomissione delle parole /
Sábháilte in:
| Príomhchruthaitheoir: | |
|---|---|
| Rannpháirtithe: | |
| Formáid: | LEABHAR |
| Teanga: | Iodáilis |
| Foilsithe / Cruthaithe: |
Milano :
Rizzoli,
2010
|
| Eagrán: | 6. ed |
| Sraith: | La scala
|
| Clibeanna: |
Níl clibeanna ann, Bí ar an gcéad duine le clib a chur leis an taifead seo!
|
MARC
| LEADER | 00000nam a22000007i 4500 | ||
|---|---|---|---|
| 001 | IT\ICCU\BIA\0028557 | ||
| 003 | ItRI | ||
| 005 | 20250918162119.0 | ||
| 008 | 110303s2010 it |||||| ||||| |||||c | ||
| 020 | |a 9788817043687 | ||
| 040 | |b ita |c Arcigay Viterbo | ||
| 041 | 7 | |a ita |2 ISO-639-2 | |
| 100 | 1 | |a Carofiglio, Gianrico |0 IT\ICCU\MODV\242302 |4 aut | |
| 240 | 1 | 3 | |a La manomissione delle parole |9 Carofiglio, Gianrico |
| 245 | 1 | 3 | |a La manomissione delle parole / |c Gianrico Carofiglio ; a cura di Margherita Losacco. |
| 250 | |a 6. ed | ||
| 260 | |a Milano : |b Rizzoli, |c 2010 | ||
| 300 | |a 187 p. ; |c 21 cm. | ||
| 700 | 1 | |a Losacco, Margherita |0 IT\ICCU\VEAV\047959 | |
| 830 | 3 | |a La scala |0 IT\ICCU\CFI\0000061 | |
| 942 | |2 ddc |c BK |n 0 | ||
| 952 | |0 0 |1 0 |2 ddc |4 0 |6 401_000000000000000_CAR_MAN |7 0 |9 9612 |a VT |b VT |d 2025-09-18 |e Donazione Alfonso Antoniozzi |i B270 |l 0 |o 401 CAR MAN |p B270 |r 2025-09-18 16:23:40 |w 2025-09-18 |y BK |z Donazione Alfonso Antoniozzi | ||
| 981 | 1 | |6 z01 |a i |b xxxe | |
| 982 | 1 | |6 z01 |a n | |
| 999 | |c 8017 |d 8017 | ||